000
00336 a2200145 4500
001
75727
020
_a
9788576768814
040
_c
Anchieta - Colégio São Paulo
240
1
0
_a
Barbie em Amélia e o urso
_l
por
245
1
0
_a
Barbie em Amélia e o urso
300
_a
29
362
0
_a
2010
650
4
_a
Literatura infantil
942
_c
BK
999
_c
75727
_d
75727